Vista normal
Vista MARC
Entrada Personal Name
Número de registros utilizados en: 1
001 - CONTROL NUMBER
- control field: 43052
003 - CONTROL NUMBER IDENTIFIER
- control field: OSt
005 - DATE AND TIME OF LATEST TRANSACTION
- control field: 20231216003337.0
008 - FIXED-LENGTH DATA ELEMENTS
- fixed length control field: 231216|| aca||aabn | a|a d
040 ## - CATALOGING SOURCE
- Original cataloging agency: OSt
- Transcribing agency: OSt
100 ## - HEADING--PERSONAL NAME
- Personal name: Garzón García, Fabio Hernán
670 ## - SOURCE DATA FOUND
- Source citation: Work cat.: (OSt)30467: Garzón García, Fabio Hernán Autor, 50 poemas de amor y una canción , 2003